Management-Instrumente <Ein> Leitfaden für die Praxis
Gespeichert in:
| 1. Verfasser: | |
|---|---|
| Format: | Buch |
| Sprache: | Deutsch |
| Veröffentlicht: |
Düsseldorf
VDI Verlag
1985
|
| Ausgabe: | 1. Aufl. |
| Tags: |
Keine Tags, Fügen Sie das erste Tag hinzu!
|
MARC
| LEADER | 00000nam a2200000 4500 | ||
|---|---|---|---|
| 001 | c037920 | ||
| 005 | 20221220075658.0 | ||
| 041 | 0 | |a ger | |
| 044 | |a DE | ||
| 245 | 1 | 0 | |a Management-Instrumente |b <Ein> Leitfaden für die Praxis |c Pitter A. Steinbuch |
| 250 | |a 1. Aufl. | ||
| 264 | 1 | |a Düsseldorf |b VDI Verlag |c 1985 | |
| 300 | |a 245 s. | ||
| 100 | 1 | |a Steinbuch, Pitter A. | |